000
00191nam a2200085 4500
001
1255673
005
20251211112049.0
245
_a
SİSLERİN ARASINDA
_c
CANER ALMAZ
260
_b
TİMAŞ YAYINLARI
999
_c
1255673
_d
1255673